000 00785nam a2200217 i 4500
001 56469
003 ES-MaACL
005 20230906163357.0
007 t|
008 031009s1906 fr ||||1| fre d
100 1 _aDicey, A. V.
_9182591
245 1 0 _aLecons sur les rapports entre le Droit et l'opinion publique en Anglaterre au cours du diseneuvieme siecle /
_cA.V. Dicey ; traduit par Alb et Gaston Jèze.
260 _a[S.l. :
_bs.n.],
_c1906 (
_eSaint Amand :
_fBussière)
300 _aXV, 921 p. ;
_c22 cm.
490 1 _aBibliothèque internationale de droit public
700 1 _aJèze, Gaston (
_d1869-1953)
_9154478
700 1 _aJéze, Alb.
_966387
830 0 _aBibliothèque internationale de droit public
_9180878
852 _aES-MaACL
_jF-3109
999 _c56469
_d56469